| 000 | 00358nam a22001457a 4500 | ||
|---|---|---|---|
| 003 | CEME | ||
| 005 | 20210628202413.0 | ||
| 008 | 210419b xxu||||| |||| 00| 0 eng d | ||
| 040 | _c. | ||
| 082 | _a004.1 WOR'D | ||
| 245 | _aWordstar professional ,release 4.0 | ||
| 260 |
_aUSA _b MICROCORPORATION INTERNATIONAL _c1987 |
||
| 300 | _a310P | ||
| 942 |
_cBK _2ddc |
||
| 999 |
_c569671 _d569671 |
||